[Event "BL 1011 SF Katernberg - Solinger SG"]
[Site "?"]
[Date "2010.11.14"]
[Round "4.4"]
[White "Fontaine, Robert"]
[Black "L'Ami, Erwin"]
[Result "1/2-1/2"]
[WhiteElo "2540"]
[BlackElo "2624"]
[PlyCount "45"]
[EventDate "2010.??.??"]

1. e4 e5 2. Nf3 Nc6 3. Bb5 Nf6 4. O-O Nxe4 5. d4 a6 6. Bxc6 dxc6 7. Qe2 Bf5 8.
Rd1 Be7 9. g4 Bg6 10. Nxe5 Nd6 11. Re1 f6 12. Nxg6 hxg6 13. Bf4 Qd7 14. Nd2 Kf7
15. Nb3 b6 16. c4 Rae8 17. f3 Bd8 18. Qd3 Rxe1+ 19. Rxe1 Re8 20. Rxe8 Nxe8 21.
Kf2 a5 22. h4 c5 23. Ke3 1/2-1/2

[Event "BL 1011 SF Katernberg - Solinger SG"]
[Site "?"]
[Date "2010.11.14"]
[Round "4.6"]
[White "Ris, Robert"]
[Black "Ragger, Markus"]
[Result "0-1"]
[WhiteElo "2416"]
[BlackElo "2628"]
[PlyCount "86"]
[EventDate "2010.??.??"]

1. d4 Nf6 2. c4 e6 3. Nf3 d5 4. Nc3 c6 5. g3 Nbd7 6. Bg2 dxc4 7. O-O Be7 8. e4
O-O 9. Bf4 b5 10. d5 Qb6 11. Nd4 cxd5 12. exd5 e5 13. d6 Bxd6 14. Ndxb5 Bc5 15.
Bxa8 exf4 16. a4 fxg3 17. hxg3 a6 18. Na3 Qxb2 19. Qc1 Qb8 20. Bg2 Qxg3 21. Ne2
Qe5 22. Ra2 Nb6 23. Qf4 Qe7 24. Nb1 Ng4 25. Ng3 Bd6 26. Qf3 Qh4 27. Rd1 Qh2+
28. Kf1 Bxg3 29. fxg3 Qh5 30. Ke1 Bf5 31. Nc3 Qg6 32. a5 Nd7 33. Nd5 Re8+ 34.
Re2 Nge5 35. Ne7+ Rxe7 36. Qa8+ Nf8 37. Rd8 Qxg3+ 38. Kf1 h6 39. Rxf8+ Kh7 40.
Rh8+ Kg6 41. Be4 Qf4+ 42. Kg2 Qg5+ 43. Kf1 Ng4 0-1

[Event "BL 1011 SF Katernberg - Solinger SG"]
[Site "?"]
[Date "2010.11.14"]
[Round "4.7"]
[White "Hoffmann, Michael"]
[Black "Thesing, Matthias"]
[Result "1/2-1/2"]
[WhiteElo "2510"]
[BlackElo "2432"]
[PlyCount "43"]
[EventDate "2010.??.??"]

1. c4 e6 2. g3 d5 3. Bg2 Nf6 4. Nf3 Be7 5. O-O O-O 6. b3 c5 7. Bb2 Nc6 8. e3 d4
9. exd4 cxd4 10. Re1 Re8 11. d3 Rb8 12. a3 a5 13. Ne5 Nxe5 14. Rxe5 b6 15. Nd2
Bc5 16. Nf3 Bb7 17. Re2 h6 18. Rb1 Qd6 19. b4 Bxf3 20. Bxf3 axb4 21. axb4 Bxb4
22. Bxd4 1/2-1/2

[Event "BL 1011 SF Katernberg - Solinger SG"]
[Site "?"]
[Date "2010.11.14"]
[Round "4.8"]
[White "Siebrecht, Sebastian"]
[Black "Naumann, Alexander"]
[Result "1/2-1/2"]
[WhiteElo "2421"]
[BlackElo "2544"]
[PlyCount "64"]
[EventDate "2010.??.??"]

1. c4 e6 2. g3 Nf6 3. Bg2 d5 4. Nf3 Be7 5. O-O O-O 6. b3 c5 7. Bb2 Nc6 8. e3 b6
9. d3 Bb7 10. Nbd2 Qc7 11. a3 Rfd8 12. Rc1 dxc4 13. Nxc4 b5 14. Nce5 Nxe5 15.
Nxe5 Bxg2 16. Kxg2 Nd7 17. Nf3 Qb7 18. Kg1 c4 19. bxc4 bxc4 20. Rb1 Qa6 21.
dxc4 Qxc4 22. Qd4 Qxd4 23. Nxd4 Rdc8 24. a4 Nb6 25. a5 Nc4 26. Rfc1 Nxa5 27.
Rxc8+ Rxc8 28. Ra1 Nc4 29. Rxa7 Bc5 30. Rb7 Nxb2 31. Rxb2 Bxd4 32. exd4 Rd8
1/2-1/2

[Event "BL 1011 Bayern München - Hamburger SK"]
[Site "?"]
[Date "2010.11.14"]
[Round "4.1"]
[White "Wojtaszek, Radoslav"]
[Black "Bromberger, Stefan"]
[Result "1-0"]
[WhiteElo "2711"]
[BlackElo "2530"]
[PlyCount "79"]
[EventDate "2010.??.??"]

1. d4 Nf6 2. c4 g6 3. Nc3 Bg7 4. e4 d6 5. Nf3 O-O 6. Be2 e5 7. Be3 Ng4 8. Bg5
f6 9. Bh4 Nc6 10. d5 Ne7 11. Nd2 h5 12. h3 Nh6 13. f3 Nf7 14. Qc2 c5 15. Rb1
Bd7 16. b4 b6 17. Bd1 Nc8 18. Qd3 a6 19. Ba4 b5 20. cxb5 Nb6 21. bxc5 Nxa4 22.
Nxa4 Bxb5 23. Qc2 dxc5 24. Nc3 Nd6 25. a4 Bd7 26. Bf2 Qc7 27. Nb3 Nb7 28. O-O
Rab8 29. Rb2 c4 30. Nd2 Nd6 31. Rfb1 Bh6 32. Rb6 Rxb6 33. Rxb6 Nc8 34. Rxa6 Qb7
35. Ra5 Qb4 36. Rc5 Nb6 37. a5 Bxd2 38. Qxd2 Na4 39. Rc7 Rf7 40. a6 1-0

[Event "BL 1011 Bayern München - Hamburger SK"]
[Site "?"]
[Date "2010.11.14"]
[Round "4.2"]
[White "Schenk, Andreas"]
[Black "Kempinski, Robert"]
[Result "1/2-1/2"]
[WhiteElo "2519"]
[BlackElo "2615"]
[PlyCount "45"]
[EventDate "2010.??.??"]

1. d4 d5 2. c4 c6 3. Nf3 Nf6 4. e3 Bf5 5. Nc3 e6 6. Nh4 Bg6 7. Nxg6 hxg6 8. Bd2
Nbd7 9. Qb3 Rb8 10. Be2 Bd6 11. h3 Qe7 12. Qc2 a6 13. Rc1 dxc4 14. Bxc4 c5 15.
dxc5 Nxc5 16. Be2 O-O 17. O-O Rfc8 18. Rfd1 Nce4 19. Be1 Nxc3 20. Bxc3 Nd5 21.
Qb3 Nxc3 22. Rxc3 Rxc3 23. Qxc3 1/2-1/2

[Event "BL 1011 Bayern München - Hamburger SK"]
[Site "?"]
[Date "2010.11.14"]
[Round "4.4"]
[White "Renner, Christoph"]
[Black "Ftacnik, Lubomir Dr"]
[Result "1-0"]
[WhiteElo "2420"]
[BlackElo "2568"]
[PlyCount "147"]
[EventDate "2010.??.??"]

1. d4 Nf6 2. Nf3 g6 3. Bf4 Bg7 4. e3 b6 5. h3 Bb7 6. Be2 O-O 7. O-O d6 8. a4 a5
9. Na3 Nbd7 10. Bh2 Ne4 11. Nd2 Nxd2 12. Qxd2 e5 13. Nb5 Qg5 14. d5 Nf6 15.
Nxc7 Rac8 16. f4 Qh4 17. Nb5 Ne4 18. Qd1 exf4 19. Bxf4 Bxb2 20. Rb1 Be5 21. Bf3
Bxf4 22. exf4 Qxf4 23. Qd4 Bxd5 24. Rbe1 Qd2 25. Rxe4 Rxc2 26. Re2 Qxd4+ 27.
Nxd4 Rxe2 28. Bxe2 Re8 29. Kf2 Re4 30. Rd1 Rf4+ 31. Ke3 Re4+ 32. Kf2 Rf4+ 33.
Kg3 Re4 34. Rd2 Re3+ 35. Kf2 Rc3 36. Nb5 Rc5 37. Nxd6 Bc6 38. Nb5 Rc1 39. Rd8+
Kg7 40. Rd6 h5 41. h4 Rc5 42. Bd3 Rc1 43. g3 Kf8 44. Rd8+ Ke7 45. Rb8 Ra1 46.
Rxb6 Bh1 47. Nc3 Ra3 48. Be4 Bxe4 49. Nxe4 Rxa4 50. Rb7+ Kf8 51. Ng5 f5 52.
Ne6+ Ke8 53. Nf4 Rb4 54. Ra7 Rb2+ 55. Kf3 Rb3+ 56. Kf2 Rb2+ 57. Kf3 Rb3+ 58.
Kg2 Rb2+ 59. Kg1 Rb1+ 60. Kh2 Rb2+ 61. Kh3 Rb6 62. Rxa5 Rc6 63. Ra7 Kf8 64. Kg2
Rc2+ 65. Kf3 Rc3+ 66. Kf2 Rc2+ 67. Ke3 Rc3+ 68. Kd4 Rxg3 69. Ke5 Rb3 70. Kf6
Rb6+ 71. Kg5 Ke8 72. Nxg6 f4 73. Re7+ Kd8 74. Rf7 1-0

[Event "BL 1011 Bayern München - Hamburger SK"]
[Site "?"]
[Date "2010.11.14"]
[Round "4.5"]
[White "Rogozenco, Dorian"]
[Black "Tischbierek, Raj"]
[Result "1-0"]
[WhiteElo "2522"]
[BlackElo "2451"]
[PlyCount "83"]
[EventDate "2010.??.??"]

1. d4 d6 2. Nf3 Bg4 3. c4 Nd7 4. Nc3 e5 5. g3 Bxf3 6. exf3 exd4 7. Qxd4 Ngf6 8.
Bg2 Be7 9. O-O O-O 10. g4 c6 11. Be3 h6 12. h3 d5 13. cxd5 Bc5 14. Qd2 Bxe3 15.
fxe3 Nxd5 16. Nxd5 Nb6 17. e4 cxd5 18. e5 Nc4 19. Qd4 Qb6 20. Qxb6 axb6 21.
Rfd1 Ne3 22. Rd3 d4 23. f4 g5 24. fxg5 hxg5 25. Bxb7 Ra5 26. Rc1 Rd8 27. a3
Rxe5 28. b4 b5 29. Rc5 f6 30. Bc6 Rxc5 31. bxc5 Rc8 32. Bxb5 Rxc5 33. a4 Nc2
34. Rb3 Rc3 35. a5 Kg7 36. Ba4 Rc4 37. Rb7+ Kh6 38. Bb5 Rc3 39. a6 Ne3 40. Rd7
f5 41. a7 Ra3 42. Rd6+ 1-0

[Event "BL 1011 Bayern München - Hamburger SK"]
[Site "?"]
[Date "2010.11.14"]
[Round "4.6"]
[White "Meister, Peter"]
[Black "Heinemann, Thies"]
[Result "1/2-1/2"]
[WhiteElo "2446"]
[BlackElo "2488"]
[PlyCount "73"]
[EventDate "2010.??.??"]

1. e4 c5 2. b3 d6 3. f4 e5 4. Bb2 Nc6 5. Bc4 exf4 6. Qf3 Be6 7. Bxe6 fxe6 8.
Qxf4 e5 9. Qg3 Nb4 10. Na3 Nf6 11. d3 Nh5 12. Qf3 g6 13. c3 Nc6 14. Ne2 Qf6 15.
O-O Qxf3 16. Rxf3 Bh6 17. d4 Nf4 18. Nxf4 Bxf4 19. g3 Bh6 20. d5 Nd8 21. Nc4
Ke7 22. a4 Rf8 23. Raf1 Rxf3 24. Rxf3 Rb8 25. Rf1 b6 26. h4 Nb7 27. Bc1 Bxc1
28. Rxc1 Na5 29. Nd2 c4 30. b4 Nb3 31. Rc2 Nxd2 32. Rxd2 Rf8 33. Rf2 Rxf2 34.
Kxf2 a6 35. g4 h5 36. g5 b5 37. a5 1/2-1/2

[Event "BL 1011 Bayern München - Hamburger SK"]
[Site "?"]
[Date "2010.11.14"]
[Round "4.7"]
[White "Berger, Steve"]
[Black "Meissner, Bernd"]
[Result "1-0"]
[WhiteElo "2423"]
[BlackElo "2401"]
[PlyCount "125"]
[EventDate "2010.??.??"]

1. e4 e5 2. Bc4 Nf6 3. d3 c6 4. Nf3 Be7 5. O-O Qc7 6. Bb3 O-O 7. Re1 d6 8. Nbd2
Nbd7 9. c3 Nc5 10. Bc2 Re8 11. Nf1 Bf8 12. Bg5 Nfd7 13. Qd2 Ne6 14. Be3 Nf6 15.
Ng5 h6 16. Nxe6 Bxe6 17. d4 Rad8 18. f4 Ng4 19. f5 Bc8 20. d5 Be7 21. Bb3 Nf6
22. Ng3 cxd5 23. Bxd5 Nxd5 24. Qxd5 b6 25. c4 Bb7 26. Qd3 Bh4 27. a4 Bc6 28.
Bd2 f6 29. Re2 Bxg3 30. Qxg3 h5 31. Qh4 Qf7 32. b3 a6 33. Rc1 Rc8 34. Rc3 b5
35. Rg3 Kf8 36. Rg6 Ke7 37. Bb4 Red8 38. cxb5 axb5 39. a5 Be8 40. Qg3 Kf8 41.
Qe3 Kg8 42. Bd2 d5 43. g4 Qf8 44. gxh5 Bxg6 45. hxg6 Qc5 46. exd5 Rxd5 47. b4
Qxe3+ 48. Bxe3 e4 49. Rf2 Rc3 50. Bc5 e3 51. Re2 Rxf5 52. Rxe3 Rg5+ 53. Kf2
Rf5+ 54. Ke2 Re5 55. Rxe5 fxe5 56. a6 Ra3 57. a7 Kh8 58. h4 Kg8 59. h5 Kh8 60.
Bb6 Ra6 61. Ke3 Kg8 62. Bc5 Kh8 63. Ke4 1-0

[Event "BL 1011 Bayern München - Hamburger SK"]
[Site "?"]
[Date "2010.11.14"]
[Round "4.8"]
[White "Deglmann, Ludwig"]
[Black "Sebastian, Dirk"]
[Result "1/2-1/2"]
[WhiteElo "2397"]
[BlackElo "2439"]
[PlyCount "57"]
[EventDate "2010.??.??"]

1. f4 g6 2. Nf3 Bg7 3. g3 Nf6 4. Bg2 O-O 5. O-O d5 6. d3 c5 7. c3 Nc6 8. Na3
Qc7 9. Qe1 Rd8 10. e4 dxe4 11. dxe4 a6 12. h3 b5 13. g4 b4 14. Nc4 a5 15. e5
Nd5 16. f5 Ba6 17. e6 Bxc4 18. exf7+ Kxf7 19. Qe6+ Ke8 20. Ng5 Qd6 21. Qf7+ Kd7
22. Rd1 Bd4+ 23. cxd4 Nxd4 24. Ne4 Qe5 25. Nxc5+ Kc6 26. Ne6 Ne2+ 27. Kh1 Ng3+
28. Kg1 Ne2+ 29. Kh1 1/2-1/2

[Event "BL 1011 Nickelhütte Aue - Schachfr. Ber"]
[Site "?"]
[Date "2010.11.14"]
[Round "4.1"]
[White "Kraemer, Martin"]
[Black "Meijers, Viesturs"]
[Result "1-0"]
[WhiteElo "2516"]
[BlackElo "2502"]
[PlyCount "61"]
[EventDate "2010.??.??"]

1. d4 Nf6 2. c4 e6 3. g3 d5 4. Bg2 dxc4 5. Nf3 Nc6 6. Qa4 Bd7 7. Qxc4 Na5 8.
Qd3 c5 9. O-O Qb6 10. Nc3 cxd4 11. Qxd4 Qxd4 12. Nxd4 Bc5 13. Rd1 Rc8 14. Bg5
h6 15. Bxf6 gxf6 16. Ne4 Be7 17. b4 Nc4 18. Rac1 b5 19. Nb3 Bc6 20. Na5 Bd5 21.
a3 Rd8 22. Nc3 Bxg2 23. Nxc4 Bc6 24. Na5 Bd7 25. Ne4 f5 26. Nd6+ Bxd6 27. Rxd6
Ke7 28. Rcd1 h5 29. Nb7 Bc6 30. Nxd8 Bd5 31. R6xd5 1-0

[Event "BL 1011 Nickelhütte Aue - Schachfr. Ber"]
[Site "?"]
[Date "2010.11.14"]
[Round "4.2"]
[White "Slobodjan, Roman"]
[Black "Maksimenko, Andrei"]
[Result "1-0"]
[WhiteElo "2556"]
[BlackElo "2544"]
[PlyCount "43"]
[EventDate "2010.??.??"]

1. e4 c5 2. Nf3 e6 3. d4 cxd4 4. Nxd4 Nf6 5. Nc3 d6 6. Be3 a6 7. f3 b5 8. g4 h6
9. Qd2 Nbd7 10. h4 b4 11. Na4 d5 12. Bh3 e5 13. Nf5 d4 14. Bf2 g6 15. Ng3 Nc5
16. Nxc5 Bxc5 17. c3 bxc3 18. bxc3 Qa5 19. Ne2 dxc3 20. Qc2 Ba3 21. Rb1 Be6 22.
Bb6 1-0

[Event "BL 1011 Nickelhütte Aue - Schachfr. Ber"]
[Site "?"]
[Date "2010.11.14"]
[Round "4.3"]
[White "Miezis, Normunds"]
[Black "Petr, Martin"]
[Result "1/2-1/2"]
[WhiteElo "2519"]
[BlackElo "2468"]
[PlyCount "68"]
[EventDate "2010.??.??"]

1. c4 e6 2. e4 d5 3. exd5 exd5 4. d4 Nf6 5. Nc3 Be7 6. Nf3 O-O 7. Be2 Nc6 8. h3
Be6 9. cxd5 Nxd5 10. O-O a6 11. Re1 Re8 12. Bf1 h6 13. Ne4 Nf6 14. Nxf6+ Bxf6
15. Be3 Qd7 16. a3 Rad8 17. Rc1 Nxd4 18. Bxd4 Bxd4 19. Qxd4 Qxd4 20. Nxd4 Rxd4
21. Rxc7 Rb8 22. b4 a5 23. bxa5 Ra4 24. Re5 Rxa3 25. f4 Ra8 26. f5 Ba2 27. Rcc5
f6 28. Re7 R3xa5 29. Rcc7 Rxf5 30. Rxg7+ Kf8 31. g4 Rc5 32. Bg2 Rxc7 33. Rxc7
Bf7 34. Rxb7 Ra5 1/2-1/2

[Event "BL 1011 Nickelhütte Aue - Schachfr. Ber"]
[Site "?"]
[Date "2010.11.14"]
[Round "4.4"]
[White "Prohaszka, Peter"]
[Black "Polzin, Rainer"]
[Result "1/2-1/2"]
[WhiteElo "2529"]
[BlackElo "2494"]
[PlyCount "97"]
[EventDate "2010.??.??"]

1. d4 Nf6 2. c4 g6 3. g3 Bg7 4. Bg2 O-O 5. Nc3 c5 6. d5 d6 7. Nf3 a6 8. a4 e6
9. O-O exd5 10. cxd5 Re8 11. Bf4 Qe7 12. Re1 Nbd7 13. h3 Nh5 14. Bg5 Qf8 15. e4
Ne5 16. g4 h6 17. Bd2 Nxf3+ 18. Qxf3 Nf6 19. e5 Nd7 20. exd6 Ne5 21. Qg3 Nc4
22. Rxe8 Qxe8 23. Re1 Qd8 24. Bc1 Nxd6 25. Bf4 Bf8 26. Qe3 Nc4 27. Qe2 Nd6 28.
Qe3 Nc4 29. Qc1 g5 30. Ne4 gxf4 31. Qxc4 Bd7 32. Qc3 Bg7 33. Qxc5 Bxa4 34. Qb4
Bb5 35. Nc3 Qf6 36. Nxb5 axb5 37. Qxb5 f3 38. Bf1 Bf8 39. Re8 Rxe8 40. Qxe8 Kg7
41. Qe4 Qxb2 42. Qxf3 Qe5 43. Bd3 Bd6 44. Kf1 Qa1+ 45. Kg2 Qe5 46. Bc4 Qh2+ 47.
Kf1 Qe5 48. h4 Qf6 49. Qxf6+ 1/2-1/2

[Event "BL 1011 Nickelhütte Aue - Schachfr. Ber"]
[Site "?"]
[Date "2010.11.14"]
[Round "4.5"]
[White "Berndt, Stephan"]
[Black "Spiess, Gunter"]
[Result "0-1"]
[WhiteElo "2442"]
[BlackElo "2429"]
[PlyCount "72"]
[EventDate "2010.??.??"]

1. e4 e6 2. d4 d5 3. Nc3 Bb4 4. e5 c5 5. a3 Bxc3+ 6. bxc3 Ne7 7. Nf3 b6 8. Bb5+
Bd7 9. Bd3 Ba4 10. h4 h6 11. h5 Qc7 12. O-O Nbc6 13. Re1 Na5 14. Rb1 Rc8 15.
dxc5 Qxc5 16. Rb4 b5 17. Rg4 Qxc3 18. Bd2 Qc7 19. Rxg7 Nc4 20. Nd4 Nxd2 21.
Qxd2 Qc3 22. Qe3 Nc6 23. Nxe6 Bxc2 24. Nf4 Bxd3 25. Nxd3 Ne7 26. e6 Qxg7 27.
exf7+ Qxf7 28. Ne5 Qe6 29. Qxa7 Nc6 30. Qa6 O-O 31. Nf3 Qf5 32. Qb6 d4 33. Re2
d3 34. Rd2 Ne5 35. Nxe5 Rc1+ 36. Kh2 Qxh5+ 0-1

[Event "BL 1011 Nickelhütte Aue - Schachfr. Ber"]
[Site "?"]
[Date "2010.11.14"]
[Round "4.6"]
[White "Melamed, Tatiana"]
[Black "Schneider, Ilja"]
[Result "1/2-1/2"]
[WhiteElo "2353"]
[BlackElo "2519"]
[PlyCount "118"]
[EventDate "2010.??.??"]

1. e4 e5 2. Nf3 Nc6 3. Bb5 a6 4. Ba4 Nf6 5. O-O Be7 6. Re1 b5 7. Bb3 d6 8. c3
O-O 9. h3 Bb7 10. d4 Re8 11. Ng5 Rf8 12. Nf3 Qd7 13. Nbd2 Rae8 14. Nf1 exd4 15.
cxd4 Na5 16. Bc2 d5 17. e5 Ne4 18. Ng3 f5 19. a4 b4 20. Bd3 Qe6 21. Ne2 c5 22.
Nf4 Qb6 23. dxc5 Bxc5 24. Be3 Nc4 25. Bxc4 dxc4 26. Qe2 c3 27. Qc4+ Kh8 28.
Bxc5 Nxc5 29. bxc3 Bxf3 30. gxf3 b3 31. Rab1 Rc8 32. Qb4 Qh6 33. e6 Ne4 34. e7
Rfe8 35. fxe4 Qxf4 36. exf5 Rc4 37. Qa5 Qg5+ 38. Kf1 Rf4 39. Qe5 Qg3 40. Qe3
Rf3 41. Qd4 Qxh3+ 42. Kg1 Rxf5 43. Re5 Rf6 44. Rg5 Qe6 45. Qd8 Qxe7 46. Qxe7
Rxe7 47. Rxb3 h6 48. Rg3 Ref7 49. Rg2 Rf4 50. Rb4 Kh7 51. c4 Rd7 52. Rb6 a5 53.
Rb5 Rd1+ 54. Kh2 Rd2 55. Kg1 Rd1+ 56. Kh2 Rd3 57. Kg1 Rxc4 58. Rxa5 Rh4 59. Rg3
Rxg3+ 1/2-1/2

[Event "BL 1011 Nickelhütte Aue - Schachfr. Ber"]
[Site "?"]
[Date "2010.11.14"]
[Round "4.7"]
[White "Thiede, Lars"]
[Black "Diebl, Lutz"]
[Result "1-0"]
[WhiteElo "2445"]
[BlackElo "2222"]
[PlyCount "114"]
[EventDate "2010.??.??"]

1. c4 Nc6 2. g3 e5 3. Nc3 Nf6 4. Bg2 Bc5 5. d3 O-O 6. Nf3 d6 7. a3 a6 8. O-O
Nd4 9. Nd2 c6 10. b4 Ba7 11. e3 Bg4 12. Nf3 Nxf3+ 13. Bxf3 Bxf3 14. Qxf3 d5 15.
c5 Qe7 16. e4 dxe4 17. dxe4 Ne8 18. Bb2 Nc7 19. Nd1 Rad8 20. Ne3 Nb5 21. Rfd1
Bb8 22. Nf5 Qf6 23. Rxd8 Rxd8 24. Rd1 Kf8 25. Rd3 Ke8 26. a4 Rxd3 27. Qxd3 Na7
28. f4 Nc8 29. Qc3 Qd8 30. fxe5 Qd1+ 31. Kf2 Qh1 32. e6 Qxh2+ 33. Kf3 Qh1+ 34.
Ke3 Qg1+ 35. Kd3 Qd1+ 36. Ke3 fxe6 37. Nxg7+ Kd7 38. Qf6 Qb3+ 39. Bc3 Ne7 40.
Qd4+ Kc8 41. Qf6 Kd7 42. Qd4+ Kc8 43. Kd2 Qa2+ 44. Kc1 Bxg3 45. Nh5 Qf2 46. Qg7
Qf1+ 47. Kb2 Qe2+ 48. Ka3 Qxh5 49. Qxe7 Qg6 50. Qf8+ Kd7 51. b5 axb5 52. axb5
cxb5 53. Bf6 Qxe4 54. Qd8+ Kc6 55. Qb6+ Kd7 56. Qxb5+ Qc6 57. Qd3+ Kc8 1-0

[Event "BL 1011 Nickelhütte Aue - Schachfr. Ber"]
[Site "?"]
[Date "2010.11.14"]
[Round "4.8"]
[White "Wichmann, Cliff"]
[Black "Thinius, Marco"]
[Result "1-0"]
[WhiteElo "2341"]
[BlackElo "2367"]
[PlyCount "61"]
[EventDate "2010.??.??"]

1. d4 Nf6 2. Nf3 e6 3. g3 d5 4. Bg2 b5 5. O-O c5 6. Be3 Nbd7 7. Nc3 a6 8. dxc5
Nxc5 9. Ne5 Bb7 10. Bd4 Be7 11. b4 Ncd7 12. a4 O-O 13. axb5 Nxe5 14. Bxe5 Bxb4
15. Qd3 a5 16. Na4 Rc8 17. c3 Be7 18. Bd4 Nd7 19. Qe3 e5 20. Bxe5 Nxe5 21. Qxe5
Bf6 22. Qf5 Bxc3 23. Rad1 g6 24. Qd3 Bg7 25. Bxd5 Bxd5 26. Qxd5 Qxd5 27. Rxd5
Rc2 28. b6 Ra8 29. Rb1 Rc4 30. b7 Rb8 31. Rxa5 1-0

[Event "BL1011 Werder Bremen - SG Trier"]
[Site "schachbundesliga.de"]
[Date "2009.11.15"]
[Round "4.1"]
[White "Lupulescu, Constantin"]
[Black "Efimenko, Zahar"]
[Result "1/2-1/2"]
[WhiteElo "2617"]
[BlackElo "2683"]
[PlyCount "45"]
[EventDate "2009.??.??"]

1. d4 Nf6 2. c4 e6 3. Nc3 Bb4 4. Qc2 O-O 5. e4 d6 6. a3 Bxc3+ 7. bxc3 c5 8. e5
Nfd7 9. exd6 e5 10. Bd3 h6 11. Ne2 Nc6 12. O-O cxd4 13. cxd4 exd4 14. Bb2 Nc5
15. Bh7+ Kh8 16. Nxd4 Nxd4 17. Bxd4 Qxd6 18. Rad1 Qc6 19. Rfe1 Be6 20. Re5 Nb3
21. Qxb3 Kxh7 22. Rc5 Qe4 23. f3 1/2-1/2

[Event "BL1011 Werder Bremen - SG Trier"]
[Site "schachbundesliga.de"]
[Date "2009.11.15"]
[Round "4.2"]
[White "Fressinet, Laurent"]
[Black "Howell, David W L"]
[Result "0-1"]
[WhiteElo "2718"]
[BlackElo "2616"]
[PlyCount "90"]
[EventDate "2009.??.??"]

1. Nf3 Nf6 2. c4 g6 3. Nc3 d5 4. cxd5 Nxd5 5. g3 Bg7 6. Bg2 Nb6 7. O-O Nc6 8.
d3 O-O 9. Be3 e5 10. Qd2 Re8 11. Bh6 Bh8 12. Rac1 Nd4 13. Nxd4 exd4 14. Ne4 c6
15. Rfe1 Qe7 16. Qc2 Qe5 17. Bg5 Re7 18. Qb3 Bg7 19. Bd2 Nd5 20. Rc5 h6 21. Qa3
Kh7 22. Bb4 Rd7 23. Qb3 Qe6 24. Rc4 b6 25. Rec1 Bb7 26. Bf3 Re8 27. Be1 f5 28.
Nd2 c5 29. a4 Rde7 30. a5 Qd7 31. axb6 axb6 32. Ra4 Bc6 33. Raa1 Rxe2 34. Nc4
R2e6 35. Bg2 Qb7 36. Bf1 Bf6 37. Bd2 Bg5 38. Qd1 Ne3 39. fxe3 dxe3 40. Nxe3
Rxe3 41. Qb3 Qc7 42. Bg2 Bxg2 43. Bxe3 Bxe3+ 44. Kxg2 Qb7+ 45. Kh3 g5 0-1

[Event "BL1011 Werder Bremen - SG Trier"]
[Site "schachbundesliga.de"]
[Date "2009.11.15"]
[Round "4.4"]
[White "Roiz, Michael"]
[Black "Bobras, Piotr"]
[Result "1/2-1/2"]
[WhiteElo "2637"]
[BlackElo "2535"]
[PlyCount "110"]
[EventDate "2009.??.??"]

1. Nf3 Nf6 2. c4 g6 3. Nc3 d5 4. cxd5 Nxd5 5. Qb3 Nb6 6. d4 Bg7 7. e4 O-O 8.
Be3 Bg4 9. a4 Bxf3 10. gxf3 Nc6 11. a5 Nd7 12. e5 Rb8 13. f4 e6 14. d5 exd5 15.
Nxd5 b6 16. axb6 axb6 17. Rd1 Qh4 18. Qc2 Ne7 19. Nxe7+ Qxe7 20. Qxc7 Qb4+ 21.
Qc3 Qe4 22. Rg1 Nc5 23. Qc4 Qb7 24. Bh3 Rfd8 25. Ke2 Qe7 26. Bg2 Ne6 27. Rxd8+
Rxd8 28. Rd1 Rb8 29. Bd5 Nc5 30. Qb5 Bf8 31. Qc6 b5 32. Ba2 Ne6 33. Bxe6 Qxe6
34. Qxe6 fxe6 35. Rd7 Ra8 36. Rb7 b4 37. Kd3 Ra1 38. Rb6 Kf7 39. Rb7+ Kg8 40.
Kc4 Rh1 41. Rb8 Kf7 42. Rb7+ Kg8 43. Kb5 Rxh2 44. Bc5 Bxc5 45. Kxc5 Rxf2 46.
Rxb4 h5 47. Kd6 h4 48. Kxe6 h3 49. Rb3 h2 50. Rh3 Rxb2 51. Kf6 Rf2 52. Kxg6
Rxf4 53. Rxh2 Kf8 54. Rh7 Ke8 55. Kg5 Rf1 1/2-1/2

[Event "BL1011 Werder Bremen - SG Trier"]
[Site "schachbundesliga.de"]
[Date "2009.11.15"]
[Round "4.5"]
[White "Haslinger, Stewart G"]
[Black "Nyback, Tomi"]
[Result "0-1"]
[WhiteElo "2543"]
[BlackElo "2635"]
[PlyCount "122"]
[EventDate "2009.??.??"]

1. e4 e5 2. Nf3 Nc6 3. d4 exd4 4. Nxd4 Bc5 5. Nxc6 Qf6 6. Qf3 bxc6 7. Nd2 Qxf3
8. gxf3 Ne7 9. Nb3 Bb6 10. a4 a5 11. Rg1 O-O 12. Be3 Bxe3 13. fxe3 d6 14. O-O-O
Be6 15. Nd4 Bd7 16. f4 Rad8 17. Rg5 c5 18. Nb5 f6 19. Rg1 Bxb5 20. Bxb5 f5 21.
Bc4+ Kh8 22. e5 dxe5 23. fxe5 g6 24. e6 Kg7 25. Rgf1 Kf6 26. e4 Rd4 27. exf5
gxf5 28. Rxd4 cxd4 29. Rf4 c5 30. Rh4 Kg7 31. Rh3 Rb8 32. Rg3+ Ng6 33. Rf3 Ne5
34. Rxf5 Nxc4 35. Rxc5 Ne3 36. Rxa5 Kf6 37. Rh5 Rc8 38. c3 dxc3 39. bxc3 Rc7
40. Kd2 Nf5 41. Kd3 h6 42. Kc2 Rb7 43. Rh3 Kxe6 44. Rd3 Ke5 45. Rd8 h5 46. Ra8
Ke4 47. a5 Ne3+ 48. Kc1 Kd3 49. a6 Rd7 50. Kb2 Rd6 51. a7 Nc4+ 52. Kc1 Rd7 53.
Kd1 Nb6 54. Rb8 Rxa7 55. Ke1 Nd5 56. Kf2 Nxc3 57. Kg3 Ra4 58. Rh8 Ne2+ 59. Kf3
Rf4+ 60. Kg2 Ke3 61. Kh3 Kf2 0-1

[Event "BL1011 Werder Bremen - SG Trier"]
[Site "schachbundesliga.de"]
[Date "2009.11.15"]
[Round "4.6"]
[White "Hracek, Zbynek"]
[Black "Gordon, Stephen J"]
[Result "0-1"]
[WhiteElo "2633"]
[BlackElo "2528"]
[PlyCount "72"]
[EventDate "2009.??.??"]

1. e4 c5 2. Nf3 d6 3. d4 cxd4 4. Nxd4 Nf6 5. Nc3 a6 6. a4 e5 7. Nf3 Qc7 8. Bg5
Nbd7 9. Nd2 h6 10. Bh4 g5 11. Bg3 Nc5 12. h4 g4 13. h5 Be6 14. Bh4 Ncd7 15. Bd3
Rg8 16. Nf1 Nxh5 17. Ne3 Nhf6 18. Qe2 h5 19. Bc4 Rc8 20. Bxe6 fxe6 21. a5 Bh6
22. Ra4 Kf7 23. O-O Qc5 24. Rd1 Bxe3 25. Qxe3 Qxe3 26. fxe3 Rc6 27. Rb4 Rb8 28.
Na4 Kg6 29. Rd3 b5 30. axb6 a5 31. Rb5 Nxe4 32. Rxa5 Rxc2 33. Rb5 Rc4 34. b3
Rc1+ 35. Kh2 g3+ 36. Bxg3 Ndf6 0-1

[Event "BL1011 Werder Bremen - SG Trier"]
[Site "schachbundesliga.de"]
[Date "2009.11.15"]
[Round "4.7"]
[White "Jaracz, Pawel"]
[Black "Babula, Vlastimil"]
[Result "1/2-1/2"]
[WhiteElo "2543"]
[BlackElo "2515"]
[PlyCount "45"]
[EventDate "2009.??.??"]

1. d4 Nf6 2. c4 e6 3. g3 d5 4. Nf3 dxc4 5. Bg2 a6 6. O-O Nc6 7. e3 Bd7 8. Qe2
b5 9. b3 cxb3 10. axb3 Bd6 11. Nc3 O-O 12. Bb2 Nb4 13. Ne5 Rb8 14. Na2 Nxa2 15.
Rxa2 Rb6 16. Rfa1 Qc8 17. Nd3 b4 18. Qc2 Bb5 19. Nc5 Rd8 20. Na4 Rb8 21. Nc5
Rb6 22. Na4 Rb8 23. Nc5 1/2-1/2

[Event "BL1011 Werder Bremen - SG Trier"]
[Site "schachbundesliga.de"]
[Date "2009.11.15"]
[Round "4.8"]
[White "Skripchenko, Almira"]
[Black "Gonda, Laszlo"]
[Result "1/2-1/2"]
[WhiteElo "2464"]
[BlackElo "2550"]
[PlyCount "64"]
[EventDate "2009.??.??"]

1. e4 e5 2. Nf3 Nc6 3. Nc3 Nf6 4. d4 exd4 5. Nxd4 Bb4 6. Nxc6 bxc6 7. Bd3 O-O
8. O-O d5 9. exd5 cxd5 10. Bg5 c6 11. Qf3 Bd6 12. Ne2 Be5 13. Rab1 h6 14. Bf4
Qd6 15. h3 Re8 16. Rfd1 Rb8 17. c4 Bxf4 18. Nxf4 d4 19. b4 Rxb4 20. Rxb4 Qxb4
21. Qxc6 Bd7 22. Qf3 Ba4 23. Rb1 Qd2 24. Nd5 Nd7 25. Bf5 Re1+ 26. Kh2 Rxb1 27.
Bxb1 Qe1 28. Qa3 Qxb1 29. Qxa4 Qb8+ 30. Kg1 Qb1+ 31. Kh2 Qb8+ 32. Kg1 Qb1+
1/2-1/2

[Event "BL1011 SK Delmenhorst - SV Griesheim"]
[Site "schachbundesliga.de"]
[Date "2009.11.15"]
[Round "4.1"]
[White "Mista, Aleksander"]
[Black "Heberla, Bartlomiej"]
[Result "1/2-1/2"]
[WhiteElo "2574"]
[BlackElo "2534"]
[PlyCount "93"]
[EventDate "2009.??.??"]

1. e4 c5 2. Nf3 Nc6 3. d4 cxd4 4. Nxd4 e5 5. Nb5 d6 6. N1c3 a6 7. Na3 Be7 8.
Nc4 b5 9. Ne3 Nf6 10. g3 O-O 11. Bg2 b4 12. Ncd5 Nxd5 13. Nxd5 Bg5 14. Bxg5
Qxg5 15. a3 Rb8 16. axb4 Nxb4 17. Nxb4 Rxb4 18. b3 Bb7 19. O-O Rd4 20. Qe2 Rc8
21. c4 Qd2 22. Qxd2 Rxd2 23. Rfd1 Rxd1+ 24. Rxd1 Rc6 25. Kf1 Kf8 26. Ke2 Rb6
27. Rb1 a5 28. Kd3 Ke7 29. f3 Rc6 30. Ra1 Rc5 31. h4 g6 32. Bf1 f5 33. Ke3 fxe4
34. fxe4 Bc8 35. Be2 h5 36. Kd2 Bd7 37. Kc3 Be6 38. Kb2 Bd7 39. Rd1 Bc6 40. Bd3
Bd7 41. Rf1 Rc8 42. Kc3 Bg4 43. Ra1 Rc5 44. Bf1 Bd7 45. Be2 Be6 46. Kb2 Bd7 47.
Kc3 1/2-1/2